Výpočet a účtovanie sociálneho poistenia a preddavkov na zdravotné poistenie zamestnancov
Pokračovanie príspevku z predchádzajúceho čísla. V súvislosti so vznikom pracovných vzťahov a zamestnávaním fyzickým osôb vznikajú zamestnávateľom povinnosti, ktoré sa viažu aj na odvádzanie preddavkov na zdravotné a sociálne poistenie. Vznik a zánik sociálneho poistenia, výpočet a účtovanie preddav...
Salvato in:
| Autore principale: | |
|---|---|
| Natura: | Capitolo di libro |
| Lingua: | slovacco |
| Soggetti: | |
| Tags: |
Nessun Tag, puoi essere il primo ad aggiungerne!!
|
MARC
| LEADER | 00000naa a2200000 4500 | ||
|---|---|---|---|
| 001 | 0229504 | ||
| 005 | 20240502073757.9 | ||
| 041 | 0 | |a slo | |
| 044 | |a SK | ||
| 245 | 1 | 0 | |a Výpočet a účtovanie sociálneho poistenia a preddavkov na zdravotné poistenie zamestnancov |c Renáta Pakšiová |
| 520 | |a Pokračovanie príspevku z predchádzajúceho čísla. V súvislosti so vznikom pracovných vzťahov a zamestnávaním fyzickým osôb vznikajú zamestnávateľom povinnosti, ktoré sa viažu aj na odvádzanie preddavkov na zdravotné a sociálne poistenie. Vznik a zánik sociálneho poistenia, výpočet a účtovanie preddavkov. | ||
| 610 | 2 | 0 | |a poistenie sociálne |
| 610 | 2 | 0 | |a poistenie zdravotné |
| 610 | 2 | 0 | |a vzťahy pracovné |
| 610 | 2 | 0 | |a preddavky |
| 610 | 2 | 0 | |a zamestnanci |
| 610 | 2 | 0 | |a úpravy právne |
| 100 | 1 | |a Pakšiová, Renáta, 1974- | |